[Event "4NCL Division 1a"]
[Site "Northampton, ENG"]
[Date "2018.02.11"]
[Round "6.41"]
[White "Carleton, John J"]
[Black "Pigott, John C"]
[Result "0-1"]
[WhiteElo "2278"]
[BlackElo "2410"]
[PlyCount "46"]
[EventDate "2018.02.11"]
[WhiteTeam "Spirit of Atticus A"]
[BlackTeam "The ADs"]

1. d4 Nf6 2. c4 g6 3. Nc3 Bg7 4. e4 d6 5. f4 c5 6. d5 O-O 7. Nf3 e6 8. Be2 exd5
9. exd5 Bf5 10. O-O Na6 11. h3 Re8 12. g4 Ne4 13. Nxe4 Bxe4 14. a3 Qe7 15. Bd3
Nc7 16. a4 Na6 17. Ra3 Nb4 18. Bxe4 Qxe4 19. Re3 Qxc4 20. Rfe1 Rxe3 21. Rxe3
Nxd5 22. Rd3 Nxf4 23. Rxd6 Qxc1 0-1

[Event "4NCL Division 1a"]
[Site "Northampton, ENG"]
[Date "2018.02.11"]
[Round "6.42"]
[White "Stewart, Ashley"]
[Black "Lund, D Brett"]
[Result "1-0"]
[WhiteElo "2200"]
[BlackElo "2261"]
[PlyCount "83"]
[EventDate "2018.02.11"]
[WhiteTeam "The ADs"]
[BlackTeam "Spirit of Atticus A"]

1. c4 e5 2. g3 d6 3. Bg2 f5 4. Nc3 Nf6 5. d3 Be7 6. e3 O-O 7. Nge2 c6 8. f4 Qe8
9. O-O Bd8 10. Qd2 a5 11. b3 Na6 12. Bb2 Rb8 13. Rae1 Bb6 14. d4 e4 15. Ba3 Bc7
16. d5 Nb4 17. dxc6 bxc6 18. Rd1 Qd7 19. Nd4 d5 20. cxd5 cxd5 21. Bxb4 axb4 22.
Na4 Bd6 23. Rc1 Ba6 24. Rfd1 Rfc8 25. Rxc8+ Bxc8 26. Rc1 Qe8 27. Bf1 Bd7 28.
Nc5 Rc8 29. Nxd7 Qxd7 30. Bb5 Rxc1+ 31. Qxc1 Qa7 32. Qc8+ Bf8 33. Qxf5 Bc5 34.
Qc8+ Kf7 35. Qe6+ Kf8 36. Qe5 Kf7 37. Be8+ Nxe8 38. Qxd5+ Ke7 39. Nc6+ Kf8 40.
Nd4 Nf6 41. Qe5 Kf7 42. Ne6 1-0

[Event "4NCL Division 1a"]
[Site "Northampton, ENG"]
[Date "2018.02.11"]
[Round "6.43"]
[White "Mitchell, Martin"]
[Black "Richardson, John R"]
[Result "1-0"]
[WhiteElo "2221"]
[BlackElo "2267"]
[PlyCount "67"]
[EventDate "2018.02.11"]
[WhiteTeam "Spirit of Atticus A"]
[BlackTeam "The ADs"]

1. d4 Nf6 2. c4 e6 3. Nc3 Bb4 4. Nf3 b6 5. Bg5 Bb7 6. e3 h6 7. Bh4 g5 8. Bg3
Ne4 9. Qc2 h5 10. Bd3 Nxg3 11. fxg3 g4 12. Ne5 Bxc3+ 13. bxc3 Nc6 14. Nxc6 Bxc6
15. O-O Qg5 16. e4 O-O-O 17. Qc1 Qg7 18. Qf4 Rdf8 19. c5 bxc5 20. Rab1 cxd4 21.
e5 d6 22. exd6 Kd7 23. dxc7 Rc8 24. Bb5 Bxb5 25. Rxb5 Rxc7 26. cxd4 Rd8 27. d5
e5 28. Qf5+ Ke7 29. Qxh5 Rd6 30. Re1 f6 31. Qf5 Qh6 32. Qxg4 Rdd7 33. Qe6+ Kd8
34. d6 1-0

[Event "4NCL Division 1a"]
[Site "Northampton, ENG"]
[Date "2018.02.11"]
[Round "6.44"]
[White "Snape, Ian L"]
[Black "House, Glenn L"]
[Result "1/2-1/2"]
[WhiteElo "2200"]
[BlackElo "2214"]
[PlyCount "83"]
[EventDate "2018.02.11"]
[WhiteTeam "The ADs"]
[BlackTeam "Spirit of Atticus A"]

1. c4 Nf6 2. Nc3 d6 3. g3 g6 4. Bg2 Bg7 5. Nf3 O-O 6. d4 c6 7. O-O Nbd7 8. Qc2
e5 9. e4 exd4 10. Nxd4 a5 11. h3 Re8 12. Bf4 Ne5 13. b3 Nfd7 14. Rad1 Nc5 15.
Be3 Qe7 16. f4 Ned7 17. Bf2 Na6 18. Rfe1 Ndc5 19. a3 Qf8 20. g4 Bd7 21. Nce2
Qe7 22. Ng3 Rad8 23. Nde2 Bc8 24. Bd4 Bxd4+ 25. Nxd4 Qh4 26. Qf2 Qe7 27. Rf1
Rf8 28. Qd2 a4 29. b4 Qh4 30. Qf2 Nb3 31. f5 Nxd4 32. Rxd4 c5 33. bxc5 dxc5 34.
Rxd8 Qxd8 35. e5 Qd4 36. Qxd4 cxd4 37. Rd1 Rd8 38. Bd5 Nc5 39. Rxd4 Kf8 40. Rd1
Re8 41. fxg6 hxg6 42. Rf1 1/2-1/2

[Event "4NCL Division 1a"]
[Site "Northampton, ENG"]
[Date "2018.02.11"]
[Round "6.45"]
[White "Ivell, Nicholas W"]
[Black "Wheeler, Darren P"]
[Result "1/2-1/2"]
[WhiteElo "2205"]
[BlackElo "2275"]
[PlyCount "48"]
[EventDate "2018.02.11"]
[WhiteTeam "Spirit of Atticus A"]
[BlackTeam "The ADs"]

1. c4 e6 2. Nc3 Nf6 3. d4 Bb4 4. a3 Bxc3+ 5. bxc3 c5 6. e3 d6 7. Bd3 Nc6 8. Ne2
e5 9. d5 Ne7 10. O-O Nh5 11. Ng3 Nxg3 12. fxg3 O-O 13. Ra2 Ng6 14. Raf2 Qe7 15.
Qc2 Re8 16. e4 Rf8 17. Be3 f6 18. Qb1 b6 19. h3 Kf7 20. Qd1 Ke8 21. Kh2 Kd8 22.
Be2 Kc7 23. Qb3 Bd7 24. Qc2 Rab8 1/2-1/2

[Event "4NCL Division 1a"]
[Site "Northampton, ENG"]
[Date "2018.02.11"]
[Round "6.46"]
[White "Ahluwalia, Amardip"]
[Black "Jackson, Sheila"]
[Result "1/2-1/2"]
[WhiteElo "2125"]
[BlackElo "2113"]
[PlyCount "36"]
[EventDate "2018.02.11"]
[WhiteTeam "The ADs"]
[BlackTeam "Spirit of Atticus A"]

1. e4 e5 2. Nf3 Nc6 3. Bc4 Nf6 4. d3 Bc5 5. c3 d6 6. Nbd2 O-O 7. O-O a6 8. Bb3
h6 9. Bc2 Ba7 10. h3 Re8 11. Re1 d5 12. Nf1 dxe4 13. dxe4 Qxd1 14. Bxd1 Be6 15.
Bc2 Rad8 16. Be3 Bxe3 17. Nxe3 g6 18. Rad1 Kf8 1/2-1/2

[Event "4NCL Division 1a"]
[Site "Northampton, ENG"]
[Date "2018.02.11"]
[Round "6.47"]
[White "Latham, David"]
[Black "Bellin, Jana M"]
[Result "1/2-1/2"]
[WhiteElo "2107"]
[BlackElo "2065"]
[PlyCount "106"]
[EventDate "2018.02.11"]
[WhiteTeam "Spirit of Atticus A"]
[BlackTeam "The ADs"]

1. d4 Nf6 2. g3 c5 3. Nf3 e6 4. Bg2 Nc6 5. O-O a6 6. c4 cxd4 7. Nxd4 Bc5 8. Nb3
Be7 9. Nc3 d6 10. Nd2 O-O 11. b3 Qc7 12. Bb2 Bd7 13. Rc1 Rac8 14. Nd5 exd5 15.
cxd5 Qd8 16. dxc6 bxc6 17. Qc2 d5 18. e4 Be6 19. exd5 cxd5 20. Qd3 Qa5 21. a3
Qb5 22. Qxb5 axb5 23. Rxc8 Rxc8 24. Rc1 Rxc1+ 25. Bxc1 Ne4 26. Nxe4 dxe4 27. b4
f5 28. Bb2 Kf7 29. f3 exf3 30. Bxf3 Bg5 31. Kf2 g6 32. Bc6 Bc4 33. a4 bxa4 34.
Bxa4 Be7 35. Bc3 Ke6 36. Be8 Kd6 37. Ke3 Bg5+ 38. Kf2 Ke7 39. Bc6 Kd6 40. Bf3
Bd5 41. Be2 Bb7 42. Bd4 f4 43. Bc5+ Ke5 44. Ba7 fxg3+ 45. hxg3 Kd6 46. b5 Bf6
47. Be3 Bc3 48. Bf3 Kc7 49. Bxb7 Kxb7 50. Kf3 h5 51. Ke4 Be1 52. Kf3 h4 53.
gxh4 Bxh4 1/2-1/2

[Event "4NCL Division 1a"]
[Site "Northampton, ENG"]
[Date "2018.02.11"]
[Round "6.48"]
[White "Ahluwalia, Balvinder"]
[Black "Ackley, Peter J E"]
[Result "0-1"]
[WhiteElo "1150"]
[BlackElo "2024"]
[PlyCount "34"]
[EventDate "2018.02.11"]
[WhiteTeam "The ADs"]
[BlackTeam "Spirit of Atticus A"]

1. d4 d6 2. Nf3 g6 3. Bf4 Bg7 4. e3 Nd7 5. Bd3 e5 6. Bg5 Ngf6 7. Nbd2 h6 8. Bh4
Qe7 9. O-O g5 10. Bg3 e4 11. Nxe4 Nxe4 12. Re1 Ndf6 13. h3 Nxg3 14. fxg3 Ne4
15. g4 O-O 16. c3 d5 17. Qb3 c6 0-1